00464cam a2200157ua 4500001000400000008003900004040000900043082001100052245007100063250000900134260004600143300002200189653002300211653005000234700002200284350110330n ii |||gr||||Z||||||eng cMAIN a327.1112aTheoretical aspects of international politics.cBy Mahendra Kumar. a1st. aNew Delhi.:bEducational publishers.,967. aiii, 487 p.:5 cm. aPolitical science. aTheoetical aspects of international politics.1 aKumar, Mahendra.,